| 000 | 01006nam a22002297a 4500 | ||
|---|---|---|---|
| 003 | LK-CoMWRAF | ||
| 005 | 20240624163311.0 | ||
| 008 | 240624b2023 |||||||| |||| 00| 0 eng d | ||
| 020 | _a97895514310201 | ||
| 040 |
_aLK-CoMWRAF _dLK-CoMWRAF _eLK-CoMWRAF |
||
| 041 | _atam | ||
| 082 |
_a305.8 _bZAI |
||
| 100 |
_aஸெய்ன், றவூப், _vZain, Rauff |
||
| 245 |
_aஇலங்கை முஸ்லிம்களின் தேசிய பங்களிப்பு: _bநினைவுக்கெட்டிய காலம் முதல் சுதந்திரம் வரை |
||
| 246 | _aIlaṅkai muslimkaḷiṉ tēciya paṅkaḷippu: niṉaivukkeṭṭiya kālam mutal cutantiram varai | ||
| 246 | _aThe Muslim contribution to national life | ||
| 260 |
_aThihariya: _bIbnu Khaldun Research Institute for Social Sciences, _c2023 |
||
| 300 |
_a300 p. _bBibliography included |
||
| 650 | _aMUSLIM COMMUNITY-Sri Lanka | ||
| 650 | _aMuslim contribution | ||
| 942 | _cBK | ||
| 999 |
_c4939 _d4939 |
||